| 000 | 00765nam a2200217 i 4500 | ||
|---|---|---|---|
| 001 | 36649 | ||
| 003 | ES-MaACL | ||
| 005 | 20250828114019.0 | ||
| 007 | t| | ||
| 008 | 030218s1959 sp ||||1| spa d | ||
| 100 | 1 |
_aBuck, Jean Marie de. _932315 |
|
| 245 | 1 | 0 |
_aAnte el fracaso escolar de vuestros hijos / _cJuan M. de Buck ; [versión española, A. de Miguel y Miguel]. |
| 260 |
_a[Bilbao] : _bDesclée de Brouwer, _c1959. |
||
| 300 |
_a208 p. ; _c19 cm. |
||
| 490 | 1 |
_aColección "Educación y familia" ; _v20 |
|
| 650 | 4 |
_aFracaso escolar. _9165185 |
|
| 700 | 1 |
_aMiguel Miguel, A. de. _981029 |
|
| 830 | 0 | 0 |
_aColección educación y familia (Desclée de Brouwer) _v20 _9182029 |
| 852 |
_aES-MaACL _jC-16665 _bR.44705 |
||
| 999 |
_c36649 _d36649 |
||